[Event "Wuerttemberg-ch Blitz"]
[Site "Murrhard"]
[Date "2021.08.20"]
[Round "9"]
[White "Bay, Johannes"]
[Black "Kocharin, Timur"]
[Result "1-0"]
[WhiteElo "1650"]
[BlackElo "1354"]
[PlyCount "101"]
[EventDate "2021.08.20"]
[EventType "swiss (blitz)"]
[EventRounds "11"]
[EventCountry "GER"]
[SourceTitle "CBM 204 Extra"]
[Source "ChessBase"]
[SourceDate "2021.11.30"]
[SourceVersion "1"]
[SourceVersionDate "2021.11.30"]
[SourceQuality "1"]

1. e4 c5 2. f4 d5 3. e5 Nc6 4. Nf3 Bg4 5. Be2 e6 6. 0-0 Nge7 7. d3 Nf5 8. h3 Bxf3 9. Bxf3 Be7 10. Qe1 d4 11. Nd2 0-0 12. Ne4 Qd7 13. c4 f6 14. exf6 Bxf6 15. Nxc5 Qd6 16. Qxe6+ Qxe6 17. Nxe6 Rf7 18. Bd2 Ne3 19. Rf2 Re7 20. Nc5 Rc8 21. b4 Nc2 22. Rb1 b6 23. Ne4 Ne3 24. a3 Ra8 25. Nxf6+ gxf6 26. Bxc6 Rc8 27. Bf3 Nc2 28. Bd5+ Kg7 29. a4 Rce8 30. f5 Na3 31. Rbf1 Nc2 32. Be6 a5 33. bxa5 bxa5 34. Bxa5 Ne3 35. Rb1 Ra7 36. Bb6 Rxa4 37. Bd7 Rea8 38. Bxa4 Rxa4 39. Bxd4 Nd5 40. Rb7+ Kh6 41. Bc5 Nc3 42. Rf4 Ne2+ 43. Kh2 Nxf4 44. Be3 Kg5 45. Rg7+ Kh6 46. Rg4 Kh5 47. Bxf4 Ra1 48. Rg7 h6 49. Rg6 Rh1+ 50. Kxh1 Kh4 51. Rxh6# 1-0

[Event "Wuerttemberg-ch Blitz"]
[Site "Murrhard"]
[Date "2021.08.20"]
[Round "8"]
[White "Bueble, Joschua"]
[Black "Bay, Johannes"]
[Result "1-0"]
[WhiteElo "1836"]
[BlackElo "1650"]
[PlyCount "77"]
[EventDate "2021.08.20"]
[EventType "swiss (blitz)"]
[EventRounds "11"]
[EventCountry "GER"]
[SourceTitle "CBM 204 Extra"]
[Source "ChessBase"]
[SourceDate "2021.11.30"]
[SourceVersion "1"]
[SourceVersionDate "2021.11.30"]
[SourceQuality "1"]

1. d4 b6 2. e4 Bb7 3. Nc3 e6 4. Nf3 d6 5. Bc4 Nf6 6. Bg5 Be7 7. Qe2 0-0 8. 0-0 Nbd7 9. Rfe1 c5 10. e5 dxe5 11. dxe5 Ne8 12. Bf4 Nc7 13. Rad1 Qe8 14. Ne4 Nd5 15. Bg3 a6 16. a4 Nb8 17. Bxd5 Bxd5 18. Nc3 Bc6 19. a5 b5 20. Ne4 Bd5 21. Nd6 Qc6 22. b3 Nd7 23. c4 Bxf3 24. Qxf3 Qc7 25. cxb5 Qxa5 26. bxa6 Rxa6 27. Re4 Qc7 28. Qd3 Rd8 29. Qxa6 f5 30. Nxf5 exf5 31. Qe6+ Kf8 32. Qxf5+ Ke8 33. Qh5+ g6 34. Qxh7 Nf8 35. Rxd8+ Qxd8 36. Qxe7+ Kxe7 37. Bh4+ Ke8 38. Bxd8 Kxd8 39. Rc4 1-0

[Event "Stuttgart-chB int"]
[Site "Gerlingen"]
[Date "2011.06.03"]
[Round "3"]
[White "Piskaykin, Bogdan"]
[Black "Bay, Johannes"]
[Result "0-1"]
[WhiteElo "1329"]
[BlackElo "1650"]
[PlyCount "66"]
[EventDate "2011.06.02"]
[EventType "swiss"]
[EventRounds "7"]
[EventCountry "GER"]
[SourceTitle "EXT 2018"]
[Source "ChessBase"]
[SourceDate "2017.10.13"]
[SourceVersion "1"]
[SourceVersionDate "2017.10.13"]
[SourceQuality "1"]

1. e4 b6 2. d4 Bb7 3. Bd3 e6 4. Nf3 Nf6 5. e5 Nd5 6. a3 d6 7. c4 Ne7 8. exd6 cxd6 9. Bg5 Nd7 10. 0-0 h6 11. Bh4 g5 12. Bg3 d5 13. Nbd2 Bg7 14. h3 Nf6 15. Ne5 dxc4 16. Ndxc4 0-0 17. Bc2 Rc8 18. f4 gxf4 19. Bxf4 Ned5 20. Bh2 b5 21. Nd6 Qxd6 22. Rxf6 Nxf6 23. Ng6 Qd7 24. Nxf8 Qc6 25. Qf3 Qxf3 26. gxf3 Rxc2 27. Bd6 Bxf8 28. Bxf8 Kxf8 29. a4 b4 30. b3 Bxf3 31. Re1 Rg2+ 32. Kf1 Nh5 33. Re3 Ng3+ 0-1

[Event "Stuttgart-chB int"]
[Site "Ditzingen"]
[Date "2010.05.15"]
[Round "6"]
[White "Bay, Johannes"]
[Black "Moll, Nino"]
[Result "1-0"]
[WhiteElo "1650"]
[BlackElo "1336"]
[PlyCount "46"]
[EventDate "2010.05.13"]
[EventType "swiss"]
[EventRounds "7"]
[EventCountry "GER"]
[SourceTitle "EXT 2018"]
[Source "ChessBase"]
[SourceDate "2017.10.13"]
[SourceVersion "1"]
[SourceVersionDate "2017.10.13"]
[SourceQuality "1"]

1. e4 b6 2. d4 Bb7 3. d5 g6 4. c4 Bg7 5. f4 d6 6. Nf3 Nd7 7. Bd3 Nc5 8. Bc2 Qd7 9. 0-0 0-0-0 10. Nbd2 e6 11. Rb1 exd5 12. cxd5 Ba6 13. Re1 Kb7 14. b4 Nd3 15. Bxd3 Bxd3 16. Rb3 Bb5 17. Rbe3 Bh6 18. g3 Qg4 19. Bb2 Bxf4 20. Bxh8 Bxg3 21. hxg3 Qxg3+ 22. Kh1 Qh3+ 23. Nh2 Nh6 1-0

[Event "Stuttgart-chB int"]
[Site "Ditzingen"]
[Date "2010.05.14"]
[Round "4"]
[White "Schmidt, Tobias"]
[Black "Bay, Johannes"]
[Result "0-1"]
[WhiteElo "1537"]
[BlackElo "1650"]
[PlyCount "122"]
[EventDate "2010.05.13"]
[EventType "swiss"]
[EventRounds "7"]
[EventCountry "GER"]
[SourceTitle "EXT 2018"]
[Source "ChessBase"]
[SourceDate "2017.10.13"]
[SourceVersion "1"]
[SourceVersionDate "2017.10.13"]
[SourceQuality "1"]

1. e4 b6 2. d4 Bb7 3. Nc3 e6 4. Bd3 Nf6 5. Bf4 Bb4 6. f3 c5 7. Nge2 Nc6 8. Be3 cxd4 9. Nxd4 Bxc3+ 10. bxc3 0-0 11. 0-0 Rc8 12. Qe1 h6 13. Qg3 Kh8 14. Bd2 Ne7 15. Nb5 Nc6 16. Nd6 Rb8 17. Nxb7 Rxb7 18. Ba6 Rb8 19. Rab1 d5 20. Bd3 dxe4 21. fxe4 Rc8 22. Rbd1 Qc7 23. Qh3 Nh7 24. Rf4 Ne5 25. Rff1 Ng6 26. Rf3 Qc5+ 27. Kh1 Ng5 28. Bxg5 Qxg5 29. Bf1 Qa5 30. Ra1 Qa4 31. Rf2 Qxe4 32. Qf3 Qxf3 33. Rxf3 Rc7 34. Rb1 Ne5 35. Re3 Nc4 36. Bxc4 Rxc4 37. Kg1 Rfc8 38. Rb3 R4c5 39. Kf2 e5 40. g4 f6 41. Kf3 Rc4 42. h3 Ra4 43. a3 Rcc4 44. Re2 Rf4+ 45. Kg3 Rf1 46. Kg2 Ra1 47. Re3 Ra2 48. Re2 R4xa3 49. Rxa3 Rxa3 50. Re3 b5 51. Kf2 a5 52. Ke2 Kg8 53. Kd2 Kf7 54. Rd3 Ke6 55. Ke3 b4 56. cxb4 Rxd3+ 57. Kxd3 axb4 58. Kc4 g6 59. Kxb4 f5 60. Kc4 f4 61. Kd3 Kd5 0-1

[Event "Stuttgart-chB int"]
[Site "Gerlingen"]
[Date "2007.05.17"]
[Round "2"]
[White "Bay, Johannes"]
[Black "Munk, Werner"]
[Result "1/2-1/2"]
[WhiteElo "1572"]
[BlackElo "1793"]
[PlyCount "53"]
[EventDate "2007.05.17"]
[EventType "swiss"]
[EventRounds "7"]
[EventCountry "GER"]
[SourceTitle "EXT 2018"]
[Source "ChessBase"]
[SourceDate "2017.10.13"]
[SourceVersion "1"]
[SourceVersionDate "2017.10.13"]
[SourceQuality "1"]

1. e4 c6 2. d4 d5 3. exd5 cxd5 4. Nf3 Nc6 5. Bb5 Bd7 6. 0-0 Nf6 7. Bf4 e6 8. a3 Be7 9. Nbd2 0-0 10. c3 h6 11. Re1 Nh5 12. Be3 Qc7 13. Nf1 Bd6 14. Bd3 Nf6 15. Qd2 Ne4 16. Qc1 f5 17. Nh4 f4 18. f3 Ng5 19. Bd2 Qd8 20. Ng6 Rf6 21. Nxf4 Bxf4 22. Bxf4 Nf7 23. Ng3 g5 24. Bd2 Nd6 25. b3 Rc8 26. Qc2 Nxd4 27. Bh7+ 1/2-1/2

[Event "Ditzingen op-B"]
[Site "Ditzingen"]
[Date "2006.05.26"]
[Round "4.5"]
[White "Bay, Johannes"]
[Black "Alke, Erhard"]
[Result "0-1"]
[WhiteElo "1521"]
[BlackElo "1783"]
[PlyCount "84"]
[EventDate "2006.05.25"]
[EventType "swiss"]
[EventRounds "7"]
[EventCountry "GER"]
[SourceTitle "CBM 112 Extra"]
[Source "ChessBase"]
[SourceDate "2006.07.14"]
[SourceVersion "1"]
[SourceVersionDate "2006.07.14"]
[SourceQuality "1"]

1. e4 e5 2. f4 exf4 3. Nf3 Ne7 4. d4 Ng6 5. Bc4 Be7 6. 0-0 d6 7. Nc3 c6 8. Ne2 Bg4 9. Nxf4 Nd7 10. c3 Nf6 11. Qe1 Nxf4 12. Bxf4 Nh5 13. Bd2 0-0 14. e5 d5 15. Bd3 Be6 16. h3 g6 17. Bh6 Ng7 18. Qd2 Re8 19. Rf2 Bf5 20. Bxf5 Nxf5 21. Bg5 Bxg5 22. Nxg5 Re7 23. Re1 h6 24. Nf3 Kh7 25. Qf4 Qg8 26. g4 Ng7 27. h4 Rae8 28. Nh2 Ne6 29. Qe3 g5 30. hxg5 Nxg5 31. Ref1 Re6 32. Nf3 Nh3+ 33. Kh2 Nxf2 34. Rxf2 Qxg4 35. Rg2 Qh5+ 36. Kg1 Rg6 37. Rxg6 Qxg6+ 38. Kf2 Rg8 39. Ke2 Qg2+ 40. Qf2 Rg4 41. Qxg2 Rxg2+ 42. Ke3 Rxb2 0-1

[Event "Stuttgart-chB int"]
[Site "Ditzingen"]
[Date "2006.05.26"]
[Round "3"]
[White "Schindler, Johannes"]
[Black "Bay, Johannes"]
[Result "0-1"]
[WhiteElo "1709"]
[BlackElo "1521"]
[PlyCount "84"]
[EventDate "2006.05.25"]
[EventType "swiss"]
[EventRounds "7"]
[EventCountry "GER"]
[SourceTitle "EXT 2018"]
[Source "ChessBase"]
[SourceDate "2017.10.13"]
[SourceVersion "1"]
[SourceVersionDate "2017.10.13"]
[SourceQuality "1"]

1. e4 b6 2. d4 Bb7 3. Bd3 e6 4. Nf3 c5 5. c3 Nf6 6. Nbd2 cxd4 7. cxd4 Bb4 8. Qe2 Nc6 9. a3 Be7 10. 0-0 Qc7 11. Re1 0-0 12. Nf1 Rac8 13. e5 Nd5 14. Qe4 f5 15. Qe2 Nd8 16. h3 Nf7 17. g4 Nh8 18. Ng3 fxg4 19. Ng5 Bxg5 20. Bxg5 gxh3 21. Qh5 g6 22. Qxh3 Nf4 23. Qf1 Nxd3 24. Qxd3 Qc2 25. Qe2 Qxe2 26. Rxe2 Rc4 27. Rc1 Rfc8 28. Rxc4 Rxc4 29. Rd2 Nf7 30. Bf6 h5 31. f4 Nh6 32. Kf2 Ng4+ 33. Ke2 Nxf6 34. exf6 Kf7 35. Ke3 Rc8 36. Ne4 Bxe4 37. Kxe4 Kxf6 38. d5 Rc4+ 39. Kf3 Kf5 40. dxe6 Rxf4+ 41. Kg3 dxe6 42. Rd7 Ra4 0-1